000 00486nam a2200169 i 4500
001 36378
003 ES-MaACL
005 20230906155346.0
007 t|
008 030218s1906 fr ||||1| fre d
100 1 _aBourget, Paul (
_d1852-1935)
_930991
245 1 0 _aSociologie et littérature /
_cpar Paul Bourget.
260 _aParis :
_bPlon, Nourrit et Cie,
_c[1906]
300 _a382 p. ;
_c19 cm.
594 _aPrecede al tít.: Etudes et portraits.
852 _aES-MaACL
_jB-3306
999 _c36378
_d36378